|
|
|
|
| LEADER |
00000cam a2200000 c 4500 |
| 001 |
1018091009 |
| 003 |
DE-627 |
| 005 |
20260206151638.0 |
| 007 |
tu |
| 008 |
180409s2018 xxu||||| 00| ||eng c |
| 010 |
|
|
|a 2018013855
|
| 020 |
|
|
|a 9780871549129
|c pbk.
|9 978-0-87154-912-9
|
| 035 |
|
|
|a (DE-627)1018091009
|
| 035 |
|
|
|a (DE-603)451350049
|
| 035 |
|
|
|a (DE-599)GBV1018091009
|
| 035 |
|
|
|a (OCoLC)1099790040
|
| 040 |
|
|
|a DE-627
|b ger
|c DE-627
|e rda
|
| 041 |
|
|
|a eng
|
| 044 |
|
|
|c XD-US
|
| 050 |
|
0 |
|a JV6475
|
| 082 |
0 |
|
|a 305.9/069120973
|q LOC
|2 23
|
| 084 |
|
|
|a MR 6700
|2 rvk
|0 (DE-625)rvk/123535:
|
| 084 |
|
|
|a MS 3600
|2 rvk
|0 (DE-625)rvk/123685:
|
| 084 |
|
|
|a MS 1235
|2 rvk
|0 (DE-625)rvk/123576:
|
| 084 |
|
|
|a 71.52
|2 bkl
|
| 100 |
1 |
|
|a Luthra, Renee
|e VerfasserIn
|0 (DE-588)142958611
|0 (DE-627)64079243X
|0 (DE-576)334318793
|4 aut
|
| 109 |
|
|
|a Luthra, Renee
|a Luthra, Renee Reichl
|a Reichl Luthra, Renee
|a Luthra, R. R.
|
| 245 |
1 |
0 |
|a Origins and destinations
|b the making of the second generation
|c Renee Luthra, Thomas Soehl, and Roger Waldinger
|
| 264 |
|
1 |
|a New York
|b Russell Sage Foundation
|c [2018]
|
| 300 |
|
|
|a xviii, 338 Seiten
|b Diagramme
|
| 336 |
|
|
|a Text
|b txt
|2 rdacontent
|
| 337 |
|
|
|a ohne Hilfsmittel zu benutzen
|b n
|2 rdamedia
|
| 338 |
|
|
|a Band
|b nc
|2 rdacarrier
|
| 500 |
|
|
|a Literaturverzeichnis Seite 313-324
|
| 520 |
|
|
|a Origins and destinations -- Bringing the international back in: a new perspective -- The international perspective -- The importance of context -- Getting ahead: institutions, ethnicity, and international nfluences -- Acquiring citizenship -- Exercising citizenship -- Cross-border connections -- Ethnicity: crossing blurry boundaries -- Conclusion: the making of the second generation
|
| 650 |
|
0 |
|a Children of immigrants
|z United States
|x Social conditions
|
| 650 |
|
0 |
|a Immigrants
|z United States
|x Social conditions
|
| 650 |
|
0 |
|a Immigrants
|x Cultural assimilation
|
| 650 |
|
0 |
|a Americanization
|
| 650 |
|
0 |
|a Transnationalism
|
| 650 |
0 |
7 |
|0 (DE-588)4431631-8
|0 (DE-627)222337737
|0 (DE-576)212380214
|a Generation 2
|2 gnd
|
| 650 |
0 |
7 |
|0 (DE-588)4139304-1
|0 (DE-627)105636320
|0 (DE-576)209693282
|a Assimilation
|g Soziologie
|2 gnd
|
| 651 |
|
0 |
|a United States
|x Emigration and immigration
|x Social aspects
|
| 651 |
|
7 |
|0 (DE-588)4078704-7
|0 (DE-627)106076612
|0 (DE-576)209209682
|a Usa
|2 gnd
|
| 689 |
0 |
0 |
|d g
|0 (DE-588)4078704-7
|0 (DE-627)106076612
|0 (DE-576)209209682
|a USA
|2 gnd
|
| 689 |
0 |
1 |
|d s
|0 (DE-588)4431631-8
|0 (DE-627)222337737
|0 (DE-576)212380214
|a Generation 2
|2 gnd
|
| 689 |
0 |
2 |
|d s
|0 (DE-588)4139304-1
|0 (DE-627)105636320
|0 (DE-576)209693282
|a Assimilation
|g Soziologie
|2 gnd
|
| 689 |
0 |
|
|5 (DE-627)
|
| 700 |
1 |
|
|a Soehl, Thomas
|e VerfasserIn
|4 aut
|
| 700 |
1 |
|
|a Waldinger, Roger David
|d 1953-
|e VerfasserIn
|0 (DE-588)170202690
|0 (DE-627)06025565X
|0 (DE-576)165221100
|4 aut
|
| 776 |
1 |
|
|z 9781610448758
|
| 935 |
|
|
|a mkri
|a MZUSA
|
| 936 |
r |
v |
|a MR 6700
|b Theorien der Sozialisierung, Sozialisation
|k Soziologie
|k Sozialwissenschaftliche Theorien und Methoden
|k Psychologische Ansätze
|k Theorien der Sozialisierung, Sozialisation
|0 (DE-627)1270710737
|0 (DE-625)rvk/123535:
|0 (DE-576)200710737
|
| 936 |
r |
v |
|a MS 3600
|b Emigranten, Immigranten, Geflüchtete
|k Soziologie
|k Spezielle Soziologien
|k Soziologie der Minoritäten und Randgruppen
|k Emigranten, Immigranten, Geflüchtete
|0 (DE-627)1270927078
|0 (DE-625)rvk/123685:
|0 (DE-576)200927078
|
| 936 |
r |
v |
|a MS 1235
|b Nordamerika
|k Soziologie
|k Spezielle Soziologien
|k Analysen einzelner Länder
|k Außereuropa
|k Nordamerika
|0 (DE-627)1271132982
|0 (DE-625)rvk/123576:
|0 (DE-576)201132982
|
| 936 |
b |
k |
|a 71.52
|j Kulturelle Prozesse
|x Soziologie
|q DA3
|0 (DE-627)106413678
|
| 936 |
s |
n |
|a m200
|2 mzub
|
| 951 |
|
|
|a BO
|
| ELC |
|
|
|b 1
|
| LOK |
|
|
|0 000 xxxxxcx a22 zn 4500
|
| LOK |
|
|
|0 001 353856244X
|
| LOK |
|
|
|0 003 DE-627
|
| LOK |
|
|
|0 004 1018091009
|
| LOK |
|
|
|0 005 20191203172330
|
| LOK |
|
|
|0 008 191108||||||||||||||||ger|||||||
|
| LOK |
|
|
|0 040
|a DE-Frei85
|c DE-627
|d DE-Frei85
|
| LOK |
|
|
|0 852
|a DE-Frei85
|
| LOK |
|
|
|0 852 1
|m p
|9 00
|
| LOK |
|
|
|0 938
|k p
|
| LOK |
|
|
|0 939
|a 08-11-19
|b l01
|
| ORI |
|
|
|a SA-MARC-krimdoka001.raw
|